Ottoman Emperors Quiz - Statistics

General Stats
  • This quiz has been taken 96 times
  • The average score is 9 of 14
Answer Stats
# Name % Correct
? Suleiman
91%
? Mehmed
89%
? Osman
89%
? Murad
73%
? Selim
69%
? Ahmed
60%
? Bayezid
59%
? Abdul Hamid
57%
? Mustafa
54%
? Orhan
51%
? Abdulmejid
50%
? Abdulaziz
47%
? Mahmud
46%
? Ibrahim
39%
No matching quizzes found
Score Distribution
Percent of People with Each Score
Percentile by Number Answered
Your Score History
You have not taken this quiz